00494 2200181 4500001002100000005001500021035002000036007000300056008004100059020001800100082001200118084001800130100002100148245005000169260003800219300004400257650001100301INLIS00000000000006420230929101200 a0010-0923000052ta230929 g 0 ind  a979-489-589-X a634.773 a634.773 HEN b0 aHendro Sunarjono1 aBudi Daya Pisang dengan Bibit Kultur Jaringan aJakarta :bPenebar Swadaya,c2002 aviii, 96 hlm, :bilus, ;c15 cm x 21 cm 4aPisang